00000000nam##2200000za#4500
0019.579220
003CaOODSP
00520210624190448
007cr |||||||||||
008150406|1999||||xxc|||||o    f|0| 0 eng|d
022 |a1488-5379
040 |aCaOODSP|beng
043 |an-cn---
0861 |aFs97-6/2270E-PDF
1101 |aCanada. |bDepartment of Fisheries and Oceans.
24512|aA manual for intertidal clam surveys / |h[electronic resource]|cby G.E. Gillespie and A. R. Kronlund.
260 |aNanaimo - British Columbia : |bFisheries and Oceans Canada |c1999.
300 |a157p.|bfigs., references, tables
4901 |aCanadian technical report of fisheries and aquatic sciences|x1488-5379|vNo. 2270
500 |aOn t.p.: Science Branch, Pacific Region, Nanaimo, British Columbia. The catalogue number and ISSN for the print edition appear in the PDF version.
546 |a(Résumé en français)
590 |a14-06-Supp|b2014-03-21
7201 |aKronlund, A. R.
7201 |aGillespie, G. E.
830#0|aCanadian technical report of fisheries and aquatic sciences,|x1488-5379|vNo. 2270|w(CaOODSP)9.504449
85640|ahttp://publications.gc.ca|qPDF|s7171 KB|uhttps://publications.gc.ca/collections/collection_2014/mpo-dfo/Fs97-6-2270-eng.pdf|yNo. 2270